Guess The Spongebob Side-Characters by Picture - Statistics

General Stats
  • This quiz has been taken 35 times
  • The average score is 12 of 16
Answer Stats
Picture Answer % Correct
Bubble Bass
92%
King Neptune
92%
Mermaid Man
92%
The Dirty Bubble
92%
Barnacle Boy
88%
Mrs. Puff
88%
The Flying Dutchman
83%
Kevin C. Cucumber
79%
Man Ray
79%
Patchy The Pirate
75%
Flats The Flounder
71%
Grandma Squarepants
71%
Perch Perkins
50%
Old Man Jenkins
46%
Dennis
42%
Squillium Fancyson
29%
No matching quizzes found
Score Distribution
Percent of People with Each Score
Percentile by Number Answered
Your Score History
You have not taken this quiz